| 000 -LEADER |
| fixed length control field |
00661cas a2200229 a 4500 |
| 005 - DATE AND TIME OF LATEST TRANSACTION |
| control field |
20131127090108.0 |
| 008 - FIXED-LENGTH DATA ELEMENTS--GENERAL INFORMATION |
| fixed length control field |
040427c19909999enkar 0 0eng c |
| 020 ## - INTERNATIONAL STANDARD BOOK NUMBER |
| International Standard Book Number |
1841740888 |
| 041 0# - LANGUAGE CODE |
| Language code of text/sound track or separate title |
eng |
| 080 ## - UNIVERSAL DECIMAL CLASSIFICATION NUMBER |
| Universal Decimal Classification number |
347(094.4) STA |
| 245 00 - TITLE STATEMENT |
| Title |
Blackstone's statutes on family law : |
| 246 30 - VARYING FORM OF TITLE |
| Title proper/short title |
Family law |
| 260 ## - |
| -- |
Oxford : |
| -- |
Oxford University Press |
| -- |
2000. |
| 300 ## - |
| -- |
476 f. : |
| -- |
23 cm. |
| 490 1# - |
| -- |
Blackstone's statutes |
| 500 ## - |
| -- |
Preface : f. VII |
| 650 #0 - |
| -- |
Marrëdhëniet në familje |
| -- |
Anglia |
| 650 #0 - |
| -- |
Marrëdhëniet në familje |
| -- |
Wales |
| 700 1# - |
| -- |
Oldham, Mika. |
| 830 #0 - |
| -- |
Blackstone's statutes. |
| 942 ## - ADDED ENTRY ELEMENTS (KOHA) |
| Source of classification or shelving scheme |
|
| Item type |
Books |